Jednání rozhodčí komise a jeho příprava

Na minha lista:
Detalhes bibliográficos
Autor principal: Pudík, Vladimír
Formato: Livro
Idioma:tcheco
Publicado em: Praha Práce 1986
Edição:1. vyd.
Colecção:Na pomoc rozhodčím komisím
Tags: Adicionar Tag
Sem tags, seja o primeiro a adicionar uma tag!

MARC

LEADER 00000nam a2200000 4500
001 c024002
005 20221220071746.5
041 0 |a cze 
044 |a CZ 
245 1 0 |a Jednání rozhodčí komise a jeho příprava  |c Vladimír Pudík 
250 |a 1. vyd. 
264 1 |a Praha  |b Práce  |c 1986 
300 |a 125 s. 
490 1 |a Na pomoc rozhodčím komisím 
830 0 |a Na pomoc rozhodčím komisím 
100 1 |a Pudík, Vladimír